000 00596nam a2200229Ia 4500
003 OSt
005 20220928123917.0
006 a|||||r|||| 00| 0
007 ta
008 220927b |||||||| |||| 00| 0 eng d
024 _a123248
037 _cTextual
040 _aSDCL
_cSDCL
_beng
041 _2eng
_aeng
082 _aS:86, L1
100 _aSchiffer Mortimer
_9462154
245 0 _aTherapeutic play group.
260 _aLondon
_bGeorge Allen and Unwin
_c1971
300 _axv,214p.
_ccm.
942 _hS:86, L1
_cTEXL
_2CC
999 _c775159
_d775159